Developmental motor disorders : (Record no. 22389)

000 -LEADER
fixed length control field 01540cam a22003254a 4500
001 - CONTROL NUMBER
control field 13511482
005 - DATE AND TIME OF LATEST TRANSACTION
control field 20170124100129.0
008 - FIXED-LENGTH DATA ELEMENTS--GENERAL INFORMATION
fixed length control field 040304s2004 nyua b 001 0 eng
010 ## - LIBRARY OF CONGRESS CONTROL NUMBER
LC control number 2004005223
020 ## - INTERNATIONAL STANDARD BOOK NUMBER
International Standard Book Number 1593850646 (hard : alk. paper)
050 00 - LIBRARY OF CONGRESS CALL NUMBER
Classification number RJ496.M68D485 2004
245 00 - TITLE STATEMENT
Title Developmental motor disorders :
Remainder of title a neuropsychological perspective /
Statement of responsibility, etc. edited by Deborah Dewey, David E. Tupper.
260 ## - PUBLICATION, DISTRIBUTION, ETC. (IMPRINT)
Place of publication, distribution, etc. New York :
Name of publisher, distributor, etc. Guilford Press,
Date of publication, distribution, etc. c2004.
300 ## - PHYSICAL DESCRIPTION
Extent xix, 501 p. :
Other physical details ill. ;
Dimensions 26 cm.
440 #4 - SERIES STATEMENT/ADDED ENTRY--TITLE
Title The Science and practice of neuropsychology
504 ## - BIBLIOGRAPHY, ETC. NOTE
Bibliography, etc Includes bibliographical references and index.
650 #0 - SUBJECT ADDED ENTRY--TOPICAL TERM
Topical term or geographic name as entry element Movement disorders in children.
650 #0 - SUBJECT ADDED ENTRY--TOPICAL TERM
Topical term or geographic name as entry element Pediatric neuropsychology.
700 1# - ADDED ENTRY--PERSONAL NAME
Personal name Dewey, Deborah.
700 1# - ADDED ENTRY--PERSONAL NAME
Personal name Tupper, David E.
856 42 - ELECTRONIC LOCATION AND ACCESS
Materials specified Contributor biographical information
Uniform Resource Identifier <a href="http://www.loc.gov/catdir/bios/guilford051/2004005223.html">http://www.loc.gov/catdir/bios/guilford051/2004005223.html</a>
856 42 - ELECTRONIC LOCATION AND ACCESS
Materials specified Publisher description
Uniform Resource Identifier <a href="http://www.loc.gov/catdir/description/guilford051/2004005223.html">http://www.loc.gov/catdir/description/guilford051/2004005223.html</a>
856 41 - ELECTRONIC LOCATION AND ACCESS
Materials specified Table of contents only
Uniform Resource Identifier <a href="http://www.loc.gov/catdir/enhancements/fy0616/2004005223-t.html">http://www.loc.gov/catdir/enhancements/fy0616/2004005223-t.html</a>
942 ## - ADDED ENTRY ELEMENTS (KOHA)
Source of classification or shelving scheme
Koha item type Hard Covered Materials
Holdings
Withdrawn status Lost status Source of classification or shelving scheme Damaged status Not for loan Home library Current library Shelving location Date acquired Source of acquisition Total Checkouts Full call number Barcode Date last seen Price effective from Koha item type
          MACHAKOS UNIVERSITY LIBRARY MACHAKOS UNIVERSITY LIBRARY Open shelf 24/01/2017 Donation(BFA)   RJ496.M68D485 2004 31811 24/01/2017 24/01/2017 Hard Covered Materials
© Machakos University Library, Along The Highway, Machakos Wote Rd, Machakos, Kenya P.O. Box 136 - 90100 Machakos - Kenya

Tel: ( +254 ) 723 805829 OR Fax : 044-20353 OR Email: library@mksu.ac.ke